Desahogo azul

Zapisane w:
Opis bibliograficzny
1. autor: Franke García, Luis Alberto (Autor)
Format: Książka
Język:hiszpański
Wydane: Valparaíso Poesía Editada 2017
Wydanie:1a. ed
Hasła przedmiotowe:
Etykiety: Dodaj etykietę
Nie ma etykietki, Dołącz pierwszą etykiete!

MARC

LEADER 00000cam a2200000 a 4500
001 UCC1718
003 CL-VaPUC
008 171117e20170800cl |||||||||||||||||spa|d
020 |a 9789569299063 
082 0 4 |a Ch861  |b FRA  |2 21 
100 0 |a Franke García, Luis Alberto  |e author  |9 595788 
245 1 0 |a Desahogo azul 
250 |a 1a. ed 
300 |a 213 p 
942 |c BK 
945 |d 20171117 16:06:00  |a arojas 
260 |a Valparaíso  |b Poesía Editada  |c 2017 
650 0 |a Poesías chilenas   |9 265280 
650 0 |a Literatura chilena   |9 308278 
583 |a last modification  |c 20171117 16:06:00  |k Rodrigo Vera 
999 |c 370113  |d 370111 
952 |0 0  |1 0  |3 erb  |4 0  |6 CH_861_000000000000000_FRA_2017  |7 0  |8 A  |9 486418  |a BIBARQ  |b BIBARQ  |i 5437326  |o Ch861 FRA 2017  |p 5437326  |r 2025-01-20  |w 2019-11-24  |y BK  |z Catalogado en:20171117  |k ARQ